Guess The Brand! #42 - Statistics

General Stats
  • This quiz has been taken 23 times
  • The average score is 7 of 20
Answer Stats
Picture Answer % Correct
Apple Music
86%
Google Classroom
71%
Super Smash Bros
62%
Keebler
57%
Raspberry PI
43%
Kotex
38%
Aramark
33%
Strepsils
33%
Invesco
29%
Koss
29%
Pupa
29%
Creative Commons
24%
Omron
24%
American Lung Association
19%
Great Ormond Street Hospital
19%
Humminbird
19%
Kaloo
19%
Lexibook
19%
Liberty Tax Service
19%
Lindam
19%
No matching quizzes found
Score Distribution
Percent of People with Each Score
Percentile by Number Answered
Your Score History
You have not taken this quiz